000 00331nam a2200145 i 4500
001 bg
100 1 _aRAJSKI, A.
245 0 _aZoologia.
_nT. 1,
_pCzęść ogólna B /
_cA. Rajski.
250 _aWyd. 2.
260 _aWarszawa,
_c1986.
040 _cBPK
041 _apol
942 _cKS
008 s pl f |000 0 pol
999 _c2814
_d2814
856 _uhttp://koha.tu.koszalin.pl/cgi-bin/koha/opac-detail.pl?biblionumber=2814
_yKatalog online BPK